"Українські вісті" в Європи й Америці (1945–2000): у 2-х т. (Запис № 443589)
[ простий вигляд ]
| 000 -Лідер | |
|---|---|
| fixed length control field | 02785 a2200265 4500 |
| 003 - Ідентифікатор контрольного номера | |
| control field | UA-OsUOA |
| 005 - Дата та час останнього входження (трансакції) | |
| control field | 20260702150854.0 |
| 008 - Елементи даних фіксованої довжини – загальна інформація | |
| fixed length control field | 200120b un ||||| |||| 00| 0 ukr d |
| 020 ## - Міжнародний стандартний книжковий номер (ISBN) | |
| Міжнародний стандартний книжковий номер (ISBN) (НП) | 9789662151343 |
| 040 ## - Джерело каталогізації | |
| Агенція оригінальної каталогізації | UA-OsUOA |
| Мова каталогізації | ukr |
| Агенція, яка здійснювала перезапис | UA-OsUOA |
| Агенція, яка здійснювала модифікацію | UA-OsUOA |
| 041 ## - Код мови | |
| Код мови тексту/ звукової доріжки чи окремого заголовка (П) | ukr |
| 080 ## - Індекс Універсальної десяткової класифікації | |
| Індекс Універсальної десяткової класифікації (УДК) (НП) | 070(091):01 |
| 090 ## - Локальний шифр розміщення | |
| Класифікаційний індекс УДК | 070(091):01 |
| Авторський знак (НП) | У45 |
| 245 ## - Відомості про назву | |
| Назва (НП) | "Українські вісті" в Європи й Америці (1945–2000): у 2-х т. |
| Дані про відповідальність (НП) | упоряд. Сергій Козак |
| Решта назви (НП) | бібліографічний покажчик змісту газети "Українські вісті" |
| 260 ## - Публікація, розповсюдження і т.п. (Вихідні дані) | |
| Дата публікації, розповсюдження і т.п. (П) | 2010 |
| Місце публікації, розповсюдження і т.п. (П) | Київ |
| Ім’я/ наймення видавництва, розповсюджувача і т.п. (П) | Літературна Україна |
| -- | Ярославів Вал |
| 300 ## - Фізичний опис | |
| Обсяг | 592 с. |
| 505 ## - Форматована примітка про зміст | |
| Змішана інформація | Т. 1 |
| Назва | 1945–1967 |
| 520 ## - Резюме і т.п. | |
| Резюме, реферат, анотація, тощо (НП) | Покажчик «“Українські вісті” в Європі й Америці» є першою спробою подати вичерпну бібліографічну інформацію про зміст газети за весь період виходу її у світ. Покажчик висвітлює зміст усіх 3 398 чисел унікального видання, яке з 1945 по 2000 рік виходило спочатку в Західній Європі, відтак в Америці. На її сторінках було вміщено понад 50 тисяч публікацій: інформаційних заміток, уривків художніх творів, статей, нарисів, репортажів та ін. матеріалів українських та іноземних авторів. Розраховано на літературознавців, журналістів, істориків, філологів, письменників, видавців, перекладачів, бібліотекарів, учителів, студентів і читачів, які цікавляться українською літературою, подіями міжнародного життя, історією української діаспори. Це науково-довідкове видання стане в пригоді науковцям — усім, хто досліджує історію життя українців поза Україною та історію української преси. |
| 650 ## - Додаткове предметне введення – тематичний термін | |
| Тематичний термін чи географічна назва, як елемент введення (НП) | 070(091) Історія преси |
| 9 (RLIN) | 25777 |
| 650 ## - Додаткове предметне введення – тематичний термін | |
| Тематичний термін чи географічна назва, як елемент введення (НП) | Бібліографія і бібліографічні покажчики. Каталоги |
| 9 (RLIN) | 25778 |
| 700 1# - Додаткове введення – ім'я особи | |
| Ім’я особи (НП) | Сергій Козак |
| Термін відношення | упорядник |
| 9 (RLIN) | 25779 |
| 942 ## - Додаткові елементи входу (Коха) | |
| Тип елемента Koha | Книги |
| Source of classification or shelving scheme | Universal Decimal Classification |
| 955 ## - Код типу видання за змістом | |
| Код типу видання за змістом (НП) | Наукові видання |
| Стан вилучень | Стан втрат | Джерело класифікації або схеми стелажів | Стан уражень | Не для кредиту | Постійне місце розташування | Поточне розміщення | Дата придбання | Джерело придбання | Вартість, звичайна ціна покупки | Інвентарний номер | Усього замовленно | Повний номер виклику | Штрих-код | Дата останнього перегляду | Ціна ефективна від | Тип елемента Koha | Примітка, призначена для загального доступу | Код колекції | Послідовне перерахування / хронологія | Вартість, ціна заміни |
|---|---|---|---|---|---|---|---|---|---|---|---|---|---|---|---|---|---|---|---|---|
| Universal Decimal Classification | АБ - Абонемент НБ | АБ - Абонемент НБ | 02/07/2026 | №38/30.06.2026 | 50.00 | 070(091):01 У45 | 170268 | 02/07/2026 | 02/07/2026 | Книги | Колекція Шевчука Валерія | Т. 1 | 50.00 | |||||||
| Universal Decimal Classification | Наукова бібліотека ІДУД | Наукова бібліотека ІДУД | 20/01/2020 | Акт надходження № 5/2020 | 1.00 | 2139803 | 070(091):01 У45 | 2139803 | 20/01/2020 | 20/01/2020 | Книги | Дарувальник Фундація імені Івана Багряного |